|
|
|
|
| LEADER |
01100nam a22002537a 4500 |
| 001 |
AAL8243 |
| 003 |
BD-DhAAL |
| 005 |
20160228122118.0 |
| 008 |
160228s 2015bg ||||| |||| 00| 0 ben d |
| 020 |
|
|
|a 9847015802875
|
| 040 |
|
|
|a BD-DhAAL
|c BD-DhAAL
|
| 082 |
|
|
|2 22
|a 891.44/1
|
| 245 |
|
|
|a স্বপ্ন সিঁড়ি /
|c সম্পাদনা : এম শামসুদ্দোহা
|
| 250 |
|
|
|a 1st ed.
|
| 260 |
|
|
|a ঢাকা :
|b বুকস ফেয়ার,
|c ২০১৫
|
| 300 |
|
|
|a ৯৬ পৃ. ;
|c ২২ সে.মি.
|
| 541 |
|
|
|e 8243
|
| 650 |
|
|
|a Bengali poetry.
|9 18222
|
| 700 |
|
|
|a শামসুদ্দোহা, এম
|9 18223
|
| 852 |
|
|
|a Savar Campus Library
|c General Shelf
|
| 942 |
|
|
|2 ddc
|c BK
|
| 999 |
|
|
|c 36946
|d 36946
|
| 952 |
|
|
|0 0
|1 0
|2 ddc
|4 0
|6 891_440000000000000_1_SWA
|7 0
|9 58196
|a SCL
|b SCL
|c GEN
|d 2016-02-28
|g 0.00
|l 3
|o 891.441 SWA
|p 3020008243
|r 2018-04-06
|s 2018-04-05
|t 1
|w 2016-02-28
|y BK
|
| 952 |
|
|
|0 0
|1 0
|2 ddc
|4 0
|6 891_440000000000000_1_SWA
|7 0
|9 58197
|a SCL
|b SCL
|c GEN
|d 2016-02-28
|g 0.00
|l 1
|o 891.441 SWA
|p 3020008244
|r 2016-11-20
|s 2016-11-19
|t 2
|w 2016-02-28
|y BK
|